Marcos de maderas para la construcción civil y naval, con el precio que tienen éstas y otros productos forestales en las provincias de España / (Record no. 162230)

MARC details
000 -LEADER
campo de control de longitud fija 00862nam a2200193 i 4500
001 - NÚMERO DE CONTROL
campo de control 162230
003 - IDENTIFICADOR DE NÚMERO DE CONTROL
campo de control ES-MaACL
005 - FECHA Y HORA DE LA ÚLTIMA TRANSACCIÓN
campo de control 20230906212446.0
008 - DATOS DE LONGITUD FIJA--INFORMACIÓN GENERAL
campo de control de longitud fija 990713s1879 sp |||| | spa d
040 ## - FUENTE DE CATALOGACIÓN
Centro catalogador/agencia de origen CCPB | B
Lengua de catalogación spa
Centro/agencia transcriptor CCPB | B
100 1# - ENTRADA PRINCIPAL--NOMBRE DE PERSONA
Nombre de persona Plá y Rave, Eugenio.
9 (RLIN) 131225
245 10 - MENCIÓN DEL TÍTULO
Título Marcos de maderas para la construcción civil y naval, con el precio que tienen éstas y otros productos forestales en las provincias de España /
Mención de responsabilidad, etc. por Eugenio Plá y Rave.
250 ## - MENCION DE EDICION
Mención de edición 2ª ed.
260 ## - PUBLICACIÓN, DISTRIBUCIÓN, ETC.
Lugar de publicación, distribución, etc. Madrid :
Nombre del editor, distribuidor, etc. Establecimiento tipográfico de M. de los Ríos,
Fecha de publicación, distribución, etc. 1879.
300 ## - DESCRIPCIÓN FÍSICA
Extensión 166 p. ;
Dimensiones 23 cm.
650 #4 - PUNTO DE ACCESO ADICIONAL DE MATERIA--TÉRMINO DE MATERIA
Término de materia o nombre geográfico como elemento de entrada Madera-
Subdivisión general Clasificación.
9 (RLIN) 159818
650 #4 - PUNTO DE ACCESO ADICIONAL DE MATERIA--TÉRMINO DE MATERIA
Término de materia o nombre geográfico como elemento de entrada Madera-
Subdivisión general Precios-
Subdivisión geográfica España.
9 (RLIN) 159819
852 ## - LOCALIZACIÓN
Ubicación ES-MaACL
Número de control de estantería T-334-F-2
Nota libre -- Enc. hol.
-- -- Ded. ms. del autor a la Biblioteca del Ateneo
condición física -- Falto de la cub. original
Nota libre -- Enc. en un vol. facticio
Holdings
Estatus retirado Estado de pérdida Estado de daño No para préstamo Colección Biblioteca de origen Biblioteca actual Ubicación en estantería Fecha de adquisición Total de préstamos Signatura topográfica completa Código de barras Visto por última vez Precio de reemplazo Tipo de ítem Koha
        Colección de folletos Biblioteca del Ateneo de Madrid Biblioteca del Ateneo de Madrid Depósito folletos 17/01/2008   T-334-F-2 1169957 23/02/2023 23/02/2023 Folleto